READINGS IN BRITISH MONETARY ECONOMICS (Record no. 920)

000 -LEADER
fixed length control field 00268nam a22000977a 4500
008 - FIXED-LENGTH DATA ELEMENTS--GENERAL INFORMATION
fixed length control field 150825b xxu||||| |||| 00| 0 eng d
082 ## -
Classification number 330 JOH
100 ## - MAIN ENTRY--PERSONAL NAME
Personal name JOHSON H G.
245 ## - TITLE STATEMENT
Title READINGS IN BRITISH MONETARY ECONOMICS
260 ## - PUBLICATION, DISTRIBUTION, ETC. (IMPRINT)
Place of publication, distribution, etc. LONDON
Name of publisher, distributor, etc. CLARENDON PRESS OXFORD
Date of publication, distribution, etc. 1972
Holdings
Withdrawn status Lost status Source of classification or shelving scheme Damaged status Koha normalized classification for sorting Not for loan Home library Current library Shelving location Date acquired Total Checkouts Full call number Barcode Date last seen Price effective from Koha item type
        330_000000000000000_JOH   Dodoma Dodoma Ground Floor 25/08/2015   330 JOH 000000003444 29/07/2019 25/08/2015 BOOKS

IRDP © 2019 :: Managed by IRDP ICT Unit